Central Library OPAC University of Rajshahi

Electrical installation / (Record no. 15289)

MARC details
000 -LEADER
fixed length control field 00724nam a2200253 a 4500
001 - CONTROL NUMBER
control field 15289
003 - CONTROL NUMBER IDENTIFIER
rucl marc code BD-RjUL
005 - DATE AND TIME OF LATEST TRANSACTION
control field 20211208235803.0
008 - FIXED-LENGTH DATA ELEMENTS--GENERAL INFORMATION
fixed length control field 140209s1964 enka 000 0 eng d
035 ## - SYSTEM CONTROL NUMBER
System control number (BD-RjUL) 15343
040 ## - CATALOGING SOURCE
Original cataloging agency DLC
Transcribing agency CarP
Modifying agency DLC
-- BD-RjUL
Language of cataloging eng
041 ## - LANGUAGE CODE
Language code of text/sound track or separate title eng
082 00 - DEWEY DECIMAL CLASSIFICATION NUMBER
Edition number 23
Classification number 621.31924
Author mark and year GRE 1964
100 1# - MAIN ENTRY--PERSONAL NAME
Personal name Graff, Heinz
9 (RLIN) 47532
245 10 - TITLE STATEMENT
Title Electrical installation /
Statement of responsibility, etc. Heinz Graff
250 ## - EDITION STATEMENT
Edition statement 3rd ed.
260 ## - PUBLICATION, DISTRIBUTION, ETC. (IMPRINT)
Place of publication, distribution, etc. London :
Name of publisher, distributor, etc. Selpress,
Date of publication, distribution, etc. 1964.
300 ## - PHYSICAL DESCRIPTION
Pagination 180 p. :
Illustrations ill. ;
Size 22 cm.
490 ## - SERIES STATEMENT
Series statement Technical fundamentals ;
650 #0 - SUBJECT ADDED ENTRY--TOPICAL TERM
Topical term or geographic name as entry element Electric wiring.
9 (RLIN) 47533
Topical term or geographic name as entry element Electric apparatus and appliances.
9 (RLIN) 27158
830 ## - SERIES ADDED ENTRY--UNIFORM TITLE
Uniform title Technical fundamentals ;
942 ## - ADDED ENTRY ELEMENTS (KOHA)
Source of classification or shelving scheme Dewey Decimal Classification
Koha item type Books
Holdings
Lost status Source of classification or shelving scheme Damaged status Not for loan Collection code Permanent Location Current Location Shelving location Date acquired Source of acquisition Cost, normal purchase price Total Checkouts Full call number Date last seen Copy number Koha item type
  Dewey Decimal Classification   Not For Loan Non-fiction Central Library, University of Rajshahi Central Library, University of Rajshahi Reading Room 15/05/1978 Asia Publications house 12.00   621.31924 GRE 1964 09/02/2014 C-1 Books
  Dewey Decimal Classification     Non-fiction Central Library, University of Rajshahi Central Library, University of Rajshahi   08/12/2021 Asia publising house, Bombay 12.00   621.31924 GRE 1964 14/06/2017 C-2 Books